Top 15 Things To Do In Jacksonville - Statistics

General Stats
  • This quiz has been taken 4 times
  • The average score is 1 of 15
Answer Stats
Tripadvisor Category Attraction/Experience/Landmark % Correct
2 - Zoos Jacksonville Zoo & Gardens
100%
6 - Shopping Malls St Johns Town Center
33%
12 - Beaches Atlantic Beach
0%
8 - State Parks Big Talbot Island State Park
0%
1 - Nature & Wildlife Areas Catty Shack Ranch Wildlife Sanctuary
0%
11 - Parks • Fountains Friendship Fountain
0%
15 - Gardens Jacksonville Arboretum & Gardens
0%
5 - Parks Kathryn Abbey Hanna Park
0%
4 - Historic Sites Kingsley Plantation
0%
9 - Parks Little Talbot Island State Park
0%
7 - Flea & Street Markets Riverside Arts Market
0%
10 - Jogging Paths & Tracks Riverwalk
0%
14 - Zoos Shady Rest Alpacas
0%
3 - Gardens • Art Museums The Cummer Museum of Art & Gardens
0%
13 - Theaters The Florida Theatre
0%
No matching quizzes found
Score Distribution
Percent of People with Each Score
Percentile by Number Answered
Your Score History
You have not taken this quiz